000 01369nam a2200289 i 4500
001 10272
003 KOSZ 005
005 20180419095558.0
008 991124s1997 pl a g f 000 0 pol
015 _aPB 2000/9472
020 _a8386123389
040 _aWA N
_cWA N
_dKOSZ 005/EG
080 _a94(438).082.1
080 _a355.33/.34
080 _a929.71
080 _a929-052
100 1 _aPOLAK, Bogusław.
_bPolitechnika Koszalińska - Instytut Zarządzania i Marketingu,
_cKatedra Historii i Stosunków Międzynarodowych
_d1996 - 1999.
245 1 0 _aKawalerowie Virtuti Militari 1792-1945.
_nT. 3,
_p(1939).
_nCz. 1 /
_cPiotr Bauer, Grzegorz Łukomski, Walter Pater, Tadeusz Piecuch, Bogusław Polak, Marek Rezler, Eligiusz Tomkowiak, Zbigniew Wojciechowski.
260 _aKoszalin :
_bWydaw. Uczelniane Politechniki Koszalińskiej,
_c1997.
300 _a174 strony :
_bilustracje ;
_c24 cm.
504 _aBibliografia na stronie 11.
650 0 _aWojsko.
650 0 _aOrder Wojenny Virtuti Militari.
700 1 _aPIECUCH, Tadeusz.
_bWyższa Szkoła Inżynierska w Koszalinie - Wydział Inżynierii Lądowej i Sanitarnej,
_cZakład Technologii Ścieków i Utylizacji Odpadów Przemysłowych
_d1987 - 1996.
856 4 _uhttp://koha.tu.koszalin.pl/cgi-bin/koha/opac-detail.pl?biblionumber=31884
_yKatalog online BPK
942 _2UKD
_cKS
999 _c10272
_d10272